000 00419cam a2200181ua 4500
020 _c4.00
041 _ahin
_h
082 _a891.43
_bPRE/KU
100 _aPremchand, .
245 _aKuch Vihar /
_cPremchand.
_hTextual Documents
250 _a1 /
_b.
260 _aNew Delhi :
_bSaraswathi Press ,
_c1961.
300 _a152 ; .
365 _a4.00
504 _a
942 _cBK
999 _c12712
_d12712